[Event "22nd WSCC Open"]
[Site "Kamena Vourla"]
[Date "2012.11.21"]
[Round "8.1"]
[White "Kristiansen, Jens"]
[Black "Okhotnik, Vladimir"]
[Result "1-0"]
[WhiteElo "2429"]
[BlackElo "2433"]
[Annotator "Aagaard,Jacob"]
[PlyCount "69"]
[EventDate "2012.11.13"]
[Source "Chess Today"]
[SourceDate "2012.11.26"]

1. e4 d5 2. exd5 Qxd5 3. Nc3 Qa5 4. d4 Nf6 5. Nf3 Bf5 6. Bd2 c6 7. Ne4 Qd8 $6 (
7... Qc7) 8. Nxf6+ gxf6 9. Be2 e6 10. O-O Bd6 11. Re1 Nd7 12. c4 O-O 13. d5 $5
(13. Nh4 Bg6 14. Qb3 Qc7 15. g3 $14) 13... cxd5 (13... Qc7 $14) 14. cxd5 e5 $2
(14... Nc5 15. dxe6 fxe6 16. Bh6 Rf7 17. Nd4 $18) 15. Nh4 Bg6 16. Bg4 Re8 17.
Nf5 $16 Bf8 18. Qf3 e4 $5 19. Rxe4 Rxe4 $2 (19... Ne5 20. Qb3 Nxg4 21. Rxg4 Qd7
22. Qf3 Rad8 23. Ne3 f5 24. Rc4 Re4 25. Rac1 $16) 20. Qxe4 Nb6 21. d6 $5 (21.
Bc3 Qxd5 (21... Nxd5 22. Rd1 $18) 22. Ne7+ Bxe7 23. Qxe7 $18) 21... Bxd6 (21...
Nc8 $16) 22. Bc3 h5 $2 23. Bxh5 $1 Be5 (23... Bxh5 24. Qh4 $18) 24. Bxe5 Bxh5
25. Qh4 fxe5 26. Qxh5 Qf6 27. Rd1 Rc8 28. h3 Rc6 29. Rd3 (29. Qg4+ $1 Kf8 30.
Qg7+ Qxg7 31. Rd8#) 29... Re6 30. Qg4+ Kf8 31. Qb4+ Ke8 32. Nd6+ Rxd6 33. Qxd6
Qxd6 34. Rxd6 Ke7 35. Rxb6 1-0

[Event "22nd WSCC Open"]
[Site "Kamena Vourla"]
[Date "2012.11.22"]
[Round "9.1"]
[White "Vaisser, Anatoly"]
[Black "Kristiansen, Jens"]
[Result "1/2-1/2"]
[WhiteElo "2540"]
[BlackElo "2429"]
[Annotator "Aagaard,Jacob"]
[PlyCount "106"]
[EventDate "2012.11.13"]
[Source "Chess Today"]
[SourceDate "2012.11.26"]

1. d4 Nf6 2. c4 d6 3. Nc3 Nbd7 4. e4 e5 5. d5 g6 6. Bg5 Bg7 7. f3 h6 8. Be3 Nh5
9. Nge2 f5 10. Qd2 Qh4+ 11. Bf2 Qe7 12. Ng3 Ndf6 13. Nxh5 Nxh5 14. O-O-O $14
O-O 15. Kb1 (15. exf5 gxf5 16. Kb1) 15... a6 16. c5 Nf6 17. cxd6 cxd6 18. Bd3
b5 19. Be3 b4 20. Na4 fxe4 21. Bxe4 (21. fxe4 Ng4 22. Nb6 $14) 21... Nxe4 22.
fxe4 Rb8 $2 (22... Qh4 $1 $11) 23. Nb6 Qh4 24. Qd3 Bf6 $2 (24... a5 25. Rc1 $14
) 25. Rc1 $1 Bg5 26. Rc6 $16 a5 27. Bxg5 Qxg5 28. Qg3 $2 (28. Rhc1 $1 Bg4 (
28... Bb7 29. Nd7 $18) 29. h3 Qd8 30. Qe3 $18) 28... Bg4 $6 (28... Qxg3 29.
hxg3 Kg7 $16) 29. Rxd6 Rf4 30. h4 $4 (30. Nd7 Rd8 31. h4 Qh5 32. Qxf4 exf4 33.
Nf6+ Kf7 34. Nxh5 Rxd6 35. Nxf4 Rf6 36. g3 $18) 30... Qh5 $13 31. Rc6 (31. Nd7
Bxd7 $1) 31... Rxe4 32. d6 Rd4 33. Rhc1 Qf5+ 34. Ka1 Qf6 35. Nc4 Bd7 $2 36.
Qxe5 $2 (36. Rc7 Bf5 37. Qe3 $16) 36... Rf8 37. Qxf6 Rxf6 38. Rc7 Be6 39. Nxa5
Rxd6 40. R7c6 Rxc6 41. Nxc6 b3 42. Nd4 Bd5 43. Nxb3 Bxg2 44. Nc5 Kf7 45. b4 g5
46. hxg5 hxg5 47. b5 g4 48. Rg1 Rf1+ 49. Rxf1+ Bxf1 50. b6 Bg2 51. Nd3 Ke7 52.
a4 Kd6 53. a5 Bb7 1/2-1/2

[Event "22nd WSCC Open"]
[Site "Kamena Vourla"]
[Date "2012.11.23"]
[Round "10.1"]
[White "Kristiansen, Jens"]
[Black "Jansa, Vlastimil"]
[Result "1-0"]
[WhiteElo "2429"]
[BlackElo "2451"]
[Annotator "Aagaard,Jacob"]
[PlyCount "61"]
[EventDate "2012.11.13"]
[Source "Chess Today"]
[SourceDate "2012.11.26"]

1. d4 Nf6 2. Nf3 g6 3. c4 Bg7 4. Nc3 d5 5. e3 O-O 6. cxd5 Nxd5 7. Bc4 Nb6 8.
Bb3 c5 9. O-O cxd4 10. exd4 Bg4 11. d5 N8d7 12. h3 Bxf3 13. Qxf3 Rc8 14. Bg5 h6
15. Bh4 Nf6 16. Rfe1 Nc4 17. Bxc4 Rxc4 18. Bg3 b5 19. Rad1 b4 20. Qd3 Rc8 21.
Ne4 $14 Qd7 22. Nxf6+ Bxf6 23. Be5 Bxe5 24. Rxe5 Rfd8 25. Qe3 $1 e6 26. Qxh6
exd5 27. Rd4 Rc4 28. Rd3 Qc7 29. f4 Qb6+ (29... Re4 $1 $11) 30. Kh2 Qf6 $2 (
30... Re4 31. Rh5 Qf6 32. f5 $1 Qg7 33. Qxg7+ (33. Qg5 $5) 33... Kxg7 34. fxg6
fxg6 35. Rhxd5 Rxd5 36. Rxd5 Re2 $14) 31. Rdxd5 $16 1-0

[Event "22nd WSCC Open"]
[Site "Kamena Vourla"]
[Date "2012.11.24"]
[Round "11.1"]
[White "Cebalo, Miso"]
[Black "Kristiansen, Jens"]
[Result "1/2-1/2"]
[WhiteElo "2403"]
[BlackElo "2429"]
[Annotator "Aagaard,Jacob"]
[PlyCount "44"]
[EventDate "2012.11.13"]
[Source "Chess Today"]
[SourceDate "2012.11.26"]

1. c4 e5 2. g3 d6 3. Bg2 g6 4. Nc3 Bg7 5. d3 f5 6. e4 Nc6 7. Nge2 Nh6 8. h4 Ng4
9. Bg5 Qd7 10. f3 Nf6 11. Qd2 Nh5 12. Bh6 (12. O-O-O h6 13. Be3 Nxg3 14. Nxg3
f4 15. Bxf4 exf4 16. Nge2 O-O 17. Nd5 $14) 12... O-O 13. O-O-O Nd4 14. Nxd4 $6
(14. Bxg7 Qxg7 15. exf5 gxf5 16. Qg5 Nxe2+ 17. Nxe2 $14) 14... exd4 15. Ne2 $6
(15. Bxg7 Qxg7 16. Ne2 fxe4 17. dxe4 c5 $11) 15... fxe4 16. dxe4 (16. Bxg7 e3
$17) 16... d3 $1 17. Nc3 (17. Bxg7 dxe2 $17) 17... Nxg3 18. Rhe1 Ne2+ (18...
Nh5 $1 $15) 19. Nxe2 dxe2 20. Rxe2 Bxh6 21. Qxh6 Qg7 22. Qxg7+ Kxg7 1/2-1/2

[Event "TCh-BEL 2012-13"]
[Site "Belgium BEL"]
[Date "2012.11.18"]
[Round "4.3"]
[White "Roos, Ad"]
[Black "Zaragatski, I."]
[Result "0-1"]
[WhiteElo "2199"]
[BlackElo "2471"]
[Annotator "Shaw,John"]
[PlyCount "102"]
[EventDate "2012.09.23"]
[EventType "team"]
[EventRounds "11"]
[EventCountry "BEL"]
[Source "Chess Today"]
[SourceDate "2012.11.26"]
[WhiteTeam "Zottegem"]
[BlackTeam "Amay"]

1. d4 d6 2. Nf3 Bg4 {The Wade variation.} 3. c4 Bxf3 4. exf3 g6 5. Nc3 Bg7 6.
Be3 Nd7 7. Qd2 c6 8. Be2 Ngf6 9. g4 {The line recommended by GM Boris Avrukh
in 'GM Repertoire 2'.} Qa5 $146 10. O-O-O O-O 11. Kb1 Rab8 12. h4 {Playing to
open the h-file is the natural plan.} ({Another standard method with a similar
aim is} 12. g5 {planning h2-h4-h5 if the knight retreats. The key question is
if instead} Nh5 {is a solid blockade? After} 13. f4 $1 {the answer is that the
blockade is very shaky indeed.}) 12... Rfc8 13. h5 b5 14. hxg6 hxg6 15. Bh6 Bh8
16. Bg5 Bg7 17. Bh6 Bh8 {A draw is on offer. Since White is heavily-outrated,
this might already be considered a successful test, but White's position is
much too strong to just stop here.} 18. Nd5 {Rightly playing on, but with the
wrong move.} (18. Qg5 $1 {pins the b5-pawn and creates a deadly kingside
attack. It can lead to some fun lines. For example:} Qb4 {Trying to open the
b-file to create threats on b2.} ({If the d7-knight moves, then White has a
standard anti-Dragon trick.} 18... Nb6 $2 19. Bf8 $1 Rxf8 20. Rxh8+ Kxh8 21.
Qh6+ Kg8 22. Rh1 Nh5 23. gxh5 $18) 19. cxb5 $1 (19. c5 $5 Nxc5 20. Bf8 Rxf8 21.
Rxh8+ Kxh8 22. Qh6+ Kg8 23. dxc5 $1 $40 (23. Rh1 $2 Nh5 {is just a draw after
24.Rxh5 as instead} 24. gxh5 $2 {allows a "lucky" defence:} Qxd4 25. hxg6 Qg7))
19... Nd5 (19... cxb5 20. Bd3 $1 Rxc3 21. Bxg6 $18) 20. Qxd5 $1 Qxc3 $8 (20...
cxd5 21. Nxd5 Qa5 22. Nxe7+ Kh7 23. Bf8#) 21. Qg5 $1 $18 {White's attack gets
there first. e.g.} Qb4 22. a3 $1 (22. Qh4 Bxd4 {would threaten mate and slow
things down just a move.}) 22... Qb3 23. Qh4 Bf6 24. Bg5 Kf8 25. Bxf6 Nxf6 26.
Qh8+ Ng8 27. Rh7) 18... Qd8 $8 19. Nf4 {Now it's a real mess.} bxc4 $6 20. Bxc4
d5 21. Bd3 Qb6 (21... Qe8 {was essential but White is doing well after either}
22. Bf5 $5 ({or} 22. Rde1)) 22. Bxg6 $1 fxg6 23. Nxg6 {Not bad but not best.} (
23. Qc2 $1 {forces} Qxb2+ 24. Qxb2 {when White will have an extra exchange,
and should win.}) 23... Kf7 24. Ne5+ (24. Rde1 $5) 24... Nxe5 25. dxe5 Nd7 {
The game swung back and forwards a few more time in fine entertaining style. I
will not try to cover every twist:} 26. f4 Nc5 27. f3 Na4 28. b3 Qb4 29. Qc2
Nc3+ 30. Ka1 Nxd1 31. Qh7+ Ke8 32. Qxh8+ Kd7 33. e6+ Kc7 34. Qe5+ Kb7 35. Rxd1
a5 36. f5 a4 37. Bd2 Qb5 38. Qg7 axb3 $2 (38... Qe2 $1) 39. Qxe7+ Rc7 40. Qb4
Qxb4 41. Bxb4 Ra8 42. Kb2 (42. e7 $18) 42... c5 $1 43. Kxb3 cxb4 44. Rxd5 Kc6
45. Rd4 $2 (45. Rd1 {and who knows what happens next. Maybe it's a draw?})
45... Ra3+ 46. Kc4 Rxf3 47. Kxb4 Rb7+ 48. Kc4 Ra7 49. Kb4 Rfa3 50. Rc4+ Kb6 51.
Rc2 R7a4# {A sad end for White, but the opening was a great success.} 0-1